书目信息 |
| 题名: |
农业科技推广实践与探索
|
|
| 作者: | 陶承光 , 金允坤 , 张钢军 主编 | |
| 分册: | ||
| 出版信息: | 沈阳 东北大学出版社 2014 |
|
| 页数: | 293页 | |
| 开本: | 24cm | |
| 丛书名: | ||
| 单 册: | ||
| 中图分类: | S3-33 | |
| 科图分类: | ||
| 主题词: | 农业科技推广--研究--辽宁 | |
| 电子资源: | ||
| ISBN: | 978-7-5517-0695-7 | |
| 000 | 00831nam0 2200253 450 | |
| 001 | 012015000522 | |
| 005 | 20150914161511.81 | |
| 010 | @a978-7-5517-0695-7@dCNY55.00 | |
| 100 | @a20150310d2014 em y0chiy50 ea | |
| 101 | 0 | @achi |
| 102 | @aCN@b210000 | |
| 105 | @ay z 000yy | |
| 106 | @ar | |
| 200 | 1 | @a农业科技推广实践与探索@Anong ye ke ji tui guang shi jian yu tan suo@f陶承光,金允坤,张钢军主编 |
| 210 | @a沈阳@c东北大学出版社@d2014 | |
| 215 | @a293页@d24cm | |
| 330 | @a本书内容包括:开发推广篇、科技共建篇、定点扶贫篇、科技合作篇、科学管理篇,以及附录。 | |
| 606 | 0 | @a农业科技推广@x研究@y辽宁 |
| 690 | @aS3-33@v5 | |
| 701 | 0 | @a陶承光@Atao cheng guang@4主编 |
| 701 | 0 | @a金允坤@Ajin yun kun@4主编 |
| 701 | 0 | @a张钢军@Azhang gang jun@4主编 |
| 801 | 0 | @aCN@b碧洲教育@c20150716 |
| 905 | @a10447@f4@dS3-33@e47 | |
| 农业科技推广实践与探索/陶承光,金允坤,张钢军主编.-沈阳:东北大学出版社,2014 |
| 293页;24cm |
| ISBN 978-7-5517-0695-7:CNY55.00 |
| 本书内容包括:开发推广篇、科技共建篇、定点扶贫篇、科技合作篇、科学管理篇,以及附录。 |
| ● |
| 相关链接 |
|
|
|
|
正题名:农业科技推广实践与探索
索取号:S3-33/47
 
预约/预借
| 序号 | 登录号 | 条形码 | 馆藏地/架位号 | 状态 | 备注 |
| 1 | 0849039 | 208490391 | 第二样本阅览室/ [索取号:S3-33/47] | 在馆 | |
| 2 | 0849040 | 208490408 | 第三借阅区/ [索取号:S3-33/47] | 在馆 | |
| 3 | 0849041 | 208490417 | 第三借阅区/ [索取号:S3-33/47] | 在馆 | |
| 4 | 0849042 | 208490426 | 第三借阅区/ [索取号:S3-33/47] | 在馆 |